000 00695nam a22002057a 4500
005 20251108172500.0
008 250721s2000 xx 000 0 ara d
082 1 4 _a657/فهم
100 1 _aفهمي، صلاح الدين عبدالرحمن
245 1 0 _aمقارنة معايير المحاسبة الدوليةIAS: شرح تحليل - نقد /
264 1 _aالقاهرة :
_bمكتبة الأنجلو المصرية،
_c2000.
300 _a492ص.
650 1 7 _aالمحاسبة
650 1 7 _aالنفقات
650 1 7 _aالمحاسبة الحكومية
650 1 7 _aالسجلاتالمالية
650 1 7 _aالمالية العامة
942 _2ddc
_cBK
999 _c80487
_d80487